LEADER 01240nam0 22002651i 450 001 UON00180430 005 20231205103129.615 010 $a88-15-01505-1 100 $a20030730d1987 |0itac50 ba 101 $aita 102 $aIT 105 $a|||| 1|||| 200 1 $aˆUn "‰sindacato" di giudici da Giolitti a Mussolini$el'Associazione Generale fra i Magistrati Italiani, 1909-1926$fFernando Venturini 210 $aBologna$cIl Mulino$d1987 - 312 p. ; 21 cm. 316 $aprestito smarrito RUSSO Ros.$5IT-UONSI III STORIAEUR/SMARRITO 410 1$1001UON00171366$12001 $aStoria Contemporanea$1210 $aBologna$cIl Mulino 606 $aASSOCIAZIONE GENERALE MAGISTRATI ITALIANI$3UONC036960$2FI 606 $aItalia$xMagistratura$xStoria$xSec. 19-20.$3UONC036961$2FI 700 1$aVENTURINI$bFernando$3UONV103455$0158009 801 $aIT$bSOL$c20250808$gRICA 899 $aSIBA - SISTEMA BIBLIOTECARIO DI ATENEO$2UONSI 912 $aUON00180430 950 $aSIBA - SISTEMA BIBLIOTECARIO DI ATENEO$dSI EUR SMARRITO $eSI SC 18462 6 SMARRITO prestito smarrito RUSSO Ros.$sSmarrito 996 $a"sindacato" di giudici da Giolitti a Mussolini$9479722 997 $aUNIOR LEADER 01105nam0 22002651i 450 001 UON00189910 005 20231205103210.142 100 $a20030730d1983 |0itac50 ba 101 $arus 102 $aSU 105 $a|||| ||||| 200 1 $aAkty feodal'nogo zemlevladenija i chozjajstva$eakty moskovskogo Simonova monastyrja 1506-1613 gg. / Sost. L.I. Ivina 210 $aLeningrad$d1983 215 $a352 p.$d26 cm. 606 $aRussia$xStoria$xSec. 16.$3UONC049736$2FI 620 $aRU$dLeningrad$3UONL003193 676 $a947.04$cStoria della Russia, 1462-1689$v21 700 1$aIVINA$bLjudmila Ivanovna$3UONV111130$01777249 712 $aAkademija Nauk SSSR$3UONV247334$4650 801 $aIT$bSOL$c20260206$gRICA 899 $aSIBA - SISTEMA BIBLIOTECARIO DI ATENEO E ARCHIVIO STORICO$2UONSI 912 $aUON00189910 950 $aSIBA - SISTEMA BIBLIOTECARIO DI ATENEO E ARCHIVIO STORICO$dSI EO DUOMO IX G 0361 $eSI EO 22432 5 0361 996 $aAkty feodal'nogo zemlevladenija i chozjajstva$94297399 997 $aUNIOR